000 01675cam a2200349 a 4500
001 12263132
003 ARRUPE
005 20131126113248.0
008 001220s2001 vauab b 001 0 eng
010 _a 00012981
020 _a0813920477 (alk. paper)
020 _a081392068X (pbk. : alk. paper)
040 _aDLC
_cDLC
_dDLC
043 _af-sa---
050 0 0 _aRA645.N87
_bW95 2001
082 0 0 _a363.8/0968
_221
100 1 _aWylie, Diana,
_d1948-
_93803
245 1 0 _aStarving on a full stomach :
_bhunger and the triumph of cultural racism in modern South Africa /
_cDiana Wylie.
260 _aCharlottesville :
_bUniversity Press of Virginia,
_cc2001.
300 _axiv, 319 p. :
_bill., map ;
_c25 cm.
440 0 _aReconsiderations in southern African history
_93804
504 _aIncludes bibliographical references (p. 281-298) and index.
650 0 _aMalnutrition
_zSouth Africa
_xHistory
_y20th century.
_93805
650 0 _aFamines
_zSouth Africa
_xHistory
_y20th century.
_93806
650 0 _aNutrition policy
_zSouth Africa
_xHistory
_y20th century.
_93807
650 0 _aRacism
_zSouth Africa
_xHistory
_y20th century.
_93808
651 0 _aSouth Africa
_xRace relations
_xHistory
_y20th century.
_93809
856 4 2 _3Book review (H-Net)
_uhttp://www.h-net.org/review/hrev-a0c5n1-aa
906 _a7
_bcbc
_corignew
_d1
_eecip
_f20
_gy-gencatlg
942 _2lcc
_cMONOGRAPH
999 _c118676
_d118676